000 00596nam a22002177a 4500
003 UA-OsUOA
001 42222
007 ta
008 20081203b un ||||| |||| 00| 0 ukr d
090 _a94(477).152(К)
_bО-42
942 _cBK
040 _aUA-OsUOA
_bukr
_cUA-OsUOA
_dUA-OsUOA
245 _aОдинадцятитй конгрес українців Канади
_b11, 12, 13 і 14 жовтня 1974
300 _a248 с.
955 _a4
041 _aukr
080 _a94(477).152(К)
260 _aВінніпег
650 7 _a0 Загальний відділ.
_2UDC
999 _c440720
_d440720